MARC

Tag First Indicator Second Indicator Subfields
LEADER 00000cam a2200000Ia 4500
001 in00002008708
005 20220105141627.0
006 m d
007 cr cnu---unuuu
008 040121s2003 nyua sb 001 0 eng d
020 |a 1593320477 (electronic bk.) 
035 |a (OCoLC)ocm54059264 
040 |a N$T  |c N$T  |d OCLCQ  |d UtOrBLW 
043 |a n-us---  |a nc----- 
049 |a IKMN 
050 1 4 |a RJ507.P37  |b A78 2003eb 
082 0 4 |a 362.7/089/68073  |2 22 
100 1 |a Artico, Ceres I.  |q (Ceres Ildebrando),  |d 1959-  |0 http://id.loc.gov/authorities/names/n2003097540 
245 1 0 |a Latino families broken by immigration :  |b the adolescent's perceptions /  |c Ceres I. Artico. 
264 1 |a New York :  |b LFB Scholarly Publ.,  |c 2003. 
300 |a x, 217 pages :  |b illustrations ;  |c 22 cm. 
336 |a text  |b txt  |2 rdacontent 
337 |a computer  |b c  |2 rdamedia 
338 |a online resource  |b cr  |2 rdacarrier 
490 1 |a New Americans : recent immigration and American society 
504 |a Includes bibliographical references (pages 207-213) and index. 
533 |a Electronic reproduction.  |b Boulder, Colo. :  |c NetLibrary,  |d 2004.  |n Available via World Wide Web.  |n Access may be limited to NetLibrary affiliated libraries. 
500 |a Electronic resource. 
650 0 |a Parental deprivation.  |0 http://id.loc.gov/authorities/subjects/sh85097996 
650 0 |a Attachment behavior in children.  |0 http://id.loc.gov/authorities/subjects/sh85009380 
650 0 |a Adolescent psychiatry.  |0 http://id.loc.gov/authorities/subjects/sh85000968 
650 0 |a Hispanic American teenagers  |x Mental health. 
650 0 |a Hispanic American teenagers  |x Social conditions. 
651 0 |a United States  |x Emigration and immigration.  |0 http://id.loc.gov/authorities/subjects/sh85140040 
651 0 |a Central America  |x Emigration and immigration. 
655 7 |a Electronic books.  |2 local 
710 2 |a NetLibrary, Inc.  |0 http://id.loc.gov/authorities/names/no99080690 
776 1 |c Original  |z 193120263X  |w (DLC) 2003003569  |w (OCoLC)51848762 
830 0 |a New Americans (LFB Scholarly Publishing LLC)  |0 http://id.loc.gov/authorities/names/n2001102814 
856 4 1 |u https://proxy.library.tamu.edu/login?url=http://www.netLibrary.com/urlapi.asp?action=summary&v=1&bookid=101777  |z Connect to the full text of this electronic book  |t 0 
994 |a 92  |b IKM 
999 |a MARS 
999 f f |s 1394d85e-77a6-3dca-a0d1-72b38bf9e6f9  |i 0e556409-3a5d-3df6-a599-44475b8e8d31  |t 0 
952 f f |a Texas A&M University  |b College Station  |c Electronic Resources  |d Available Online  |t 0  |e RJ507.P37 A78 2003eb  |h Library of Congress classification 
998 f f |a RJ507.P37 A78 2003eb  |t 0  |l Available Online